000 00785nam a22001337a 4500
040 _cRUA
082 _aANS SAN 2018 B648 Or.1
100 _aSAN SOKKHEA សន សុខគា
245 _astudy on swine peproductive by artificial insemmination at VBC center and farmer takhmao city, kandal province ការសិក្សារអំពីការបង្កាត់ពូជជ្រូកបរទេសតាមរយះការបង្កាត់ពូជដោយសិប្បនិមិ្មតទៅមជ្ឃមណ្ឌល វី​ ប៊ី សុី និង កសិករក្រុងតាខ្មៅ ខេត្តកណ្តាល
260 _aRUA
_bPhnom penh
_c2018
300 _axiii;53p
_bill;
_c29cm
856 _uSAN SOKKHEA
942 _cANS
999 _c18270
_d18270